000 01066nam0a2200313 4500
001 RU\NLR\bibl\1209018
005 20250615104123.0
010 _a978-5-91250-450-1
010 _a978-5-91250-493-8
_97500
021 _aRU
_b2008-8232
_9447
021 _aRU
_b2008-8147
_9441
035 _a(NLR Aleph) 001195454
090 _a1743956
_c1743956
100 _a20080402d2007 |||y0rusy50 ca
101 0 _arus
102 _aRU
_aUA
105 _aa |||||||||
200 1 _aКак похудеть очаровательной лентяйке, или Философия тонкой талии
_fЕлена Кушкова
210 _aМосква
_cСофия
_aКиев
_cСофия
_d2007
215 _a222 с.
_cил.
_d17
517 0 _aФилософия тонкой талии
606 1 _aВес тела
_xРегулирование
_92345830
_3RU\NLR\auth\661401856
686 _aР120.4
700 1 _aКушкова
_bЕ.
_gЕлена
_4070
801 0 _aRU
_bNLR
_c20080402
_gRCR
801 1 _aRU
_bNLR
_c20080402
942 _cBOOK
980 _aNB